01082cas a22002897a 450000500170000000800410001701000100005801100100006803500100007824500930008826001110018130000070029231000140029936200190031359000410033259000410037359000410041459000410045559000420049665000630053865000620060165000610066386600210072490100070074590500230075299900170077520220329142303.0000511 1998 mx zr pernn 0 b1spa d a81072 a82044 a9252900aAgronómicac/por Universidad Autónoma de Chiapas. Facultad de Ciencias Agronómicas0 aTuxtla Gutiérrez, Chis. :bUniversidad Autónoma de Chiapas. Facultad de Ciencias Agronómicas,c1998- av. aSemestral av.1 n.2, 1998. aBATCH-UPDb10c20130110lUCH01h0411 aBATCH-UPDb10c20130410lUCH01h0046 aBATCH-UPDb10c20130410lUCH01h1629 aBATCH-UPDb10c20130914lUCH01h1122 aCONVERSIONb10c20130109lUCH01h134514aCultivosxMejoramientoxPublicaciones periódicas.93029414aEcología agrícolaxPublicaciones periódicas.93516914aGanadoxProducciónxPublicaciones periódicas.944948 av.1 n.1-2 (1998) aSE aLilia Sánchez G. c81072d81072